000 00695nam a22002057a 4500
999 _c5929
_d5929
003 AR-CdUCM
008 190313b ||||| |||| 00| 0 spa d
040 _aMUNICIPALIDAD PROVINCIAL DEL CUSCO
_cBIBLIOTECA MUNICIPAL DEL CUSCO
082 _a868.90 /
_bEN59
100 _aBustamante y Ballivian, Enrique
_917434
245 _aPoetas Brasileños :
_bRománticos: Parnasianos / Symbolistas: Regionales / Poetas nuevos /
260 _aRío de Janeiro :
_bO NORTE,
_c1922.
300 _a166 páginas ;
_c19 cm.
500 _aDonación de la familia Nieto
505 _a
650 _aPoesías brasileñas
_91529
650 _aPoetas brasileños
_917435
942 _2ddc
_cLIBROS
945 _aAndy